| 000 | 00421nam a22001457a 4500 | ||
|---|---|---|---|
| 003 | SGT | ||
| 082 |
_a617.84 _bE24S |
||
| 100 | _aSEHRAWAT, HEMANT | ||
| 245 | _aEFFECTIVENESS OF NEUROMUSCULAR TRAINING AND RESISTANCE TRAINING ON BIO -MOTOR COMPETENCE AND SKILL PERFORMANCE AMONG BADMINTON PLAYERS | ||
| 260 |
_aGURUGRAM _bSGT UNIVERSITY _c2024 |
||
| 300 | _a111 | ||
| 650 | _aSPORTS | ||
| 653 | _aMPT | ||
| 942 |
_2ddc _cTH |
||
| 999 |
_c32198 _d32198 |
||